=LDR 00000nam 2200000 4500 =001 INLIS000000000005838 =005 20251029101015 =035 ##$$a 0010-1025000893 =007 ta =008 251029###########################0#ind## =082 ##$$a 613.94 =084 ##$$a 613.94 BAD p =100 #$$a Badan Koordinasi Keluarga Berencana Nasional =245 1#$$a Pembinaan Keluarga Berencana Di Proyek 2 /$c Badan Koordinasi Keluarga Berencana Nasional =260 ##$:$b Badan Koordinasi Keluarga Berencana Nasional,$c 1979 =300 ##$$a 4 Hal : $b Ilus ; $c 21 =650 #4$$a Keluarga Berencana =856 ##$$a Perpustakaan Kemendukbangga